000
00340nam a2200145Ia 4500
008
230524s9999 xx 000 0 und d
020
_a
9780071333443
100
_a
P G Apte
245
0
_a
International Financial Management
250
_a
6th ed.
260
_b
MGH
500
_a
Quantity Number: 8
650
_a
Management
942
_c
BK
999
_c
51297
_d
51297